Emerging Issues in Islamic Finance Law and Practice in Malaysia

Detalles Bibliográficos
Autor principal: Oseni, Umar A.
Otros Autores: Hassan, M. Kabir, Hassan, Rusni
Formato: eBook
Lenguaje:inglés
Publicado: Bingley: Emerald Group Publishing Limited, 2019
Materias:
Acceso en línea:Acceso restringido

MARC

LEADER 00000nam a22000007a 4500
005 20210217233859.0
007 cr|||| ||||
008 210217s2019 my |||||s|||| 00||0 eng d
020 |a 978-1-78973-546-8 
035 |a 31981 
040 |a vLex 
090 |c 11177  |d 11177 
100 1 |a Oseni, Umar A. 
245 1 0 |a Emerging Issues in Islamic Finance Law and Practice in Malaysia  |h [Recurso electrn̤ico] /  |c Umar A. Oseni, M. Kabir Hassan, Rusni Hassan 
256 |a Servicio en ln̕ea 
260 |a Bingley:  |b Emerald Group Publishing Limited,  |c 2019 
300 |a 1 recurso electrn̤ico 
506 1 |a Disponible solo en los productos indicados  |d vLex Global  |d vLex Global (Academic Edition, excluding Law Schools)  |d vLex Global (U.S. Academic Edition, Law Schools)  |d vLex Global (U.S. Academic Edition, excluding Law Schools)  |d vLex Global (Academic Edition, Law Schools) 
650 0 4 |a Derecho Fiscal  |z Malasia 
700 1 |a Hassan, M. Kabir 
700 1 |a Hassan, Rusni 
740 0 |a vLex Libros (Servicio en ln̕ea) 
856 4 0 |u http://vlex.com/source/31981  |z Acceso restringido 
942 |c BOOK 
999 0 |a Tax Law